English for Undergraduates/ (Record no. 591174)
[ view plain ]
| 000 -LEADER | |
|---|---|
| fixed length control field | 00351nam a22001217a 4500 |
| 003 - CONTROL NUMBER IDENTIFIER | |
| control field | NUST |
| 020 ## - INTERNATIONAL STANDARD BOOK NUMBER | |
| International Standard Book Number | 978-0-19-547219-6 |
| 082 ## - DEWEY DECIMAL CLASSIFICATION NUMBER | |
| Classification number | 428, HOW |
| 245 ## - TITLE STATEMENT | |
| Title | English for Undergraduates/ |
| Remainder of title | Revised and Updated |
| Statement of responsibility, etc. | by D. H. Howe, T. A. Kirkpatrick, and D. L. Kirkpatrick |
| 260 ## - PUBLICATION, DISTRIBUTION, ETC. | |
| Place of publication, distribution, etc. | UK |
| Name of publisher, distributor, etc. | Oxford Uni Press |
| Date of publication, distribution, etc. | 2005 |
| 300 ## - PHYSICAL DESCRIPTION | |
| Extent | 215: pages |
| 942 ## - ADDED ENTRY ELEMENTS (KOHA) | |
| Source of classification or shelving scheme | |
| Koha item type | Book |
| Withdrawn status | Lost status | Source of classification or shelving scheme | Damaged status | Not for loan | Permanent Location | Current Location | Shelving location | Date acquired | Full call number | Barcode | Date last seen | Price effective from | Koha item type | Public note |
|---|---|---|---|---|---|---|---|---|---|---|---|---|---|---|
| Military College of Signals (MCS) | Military College of Signals (MCS) | General Stacks | 08/17/2022 | 428, HOW | MCS38432 | 08/17/2022 | 08/17/2022 | Book | Almirah Fresh No.44, Shelf No.4 |
